000 00457nam a2200181Ia 4500
003 GCL
008 140319s9999 xx 000 0 eng d
040 _aGCL /
_cGCL
082 0 4 _aCH
_b551
_bW P
100 1 _aWATT, FIONA
245 1 0 _aPLANET EARTH /
_cWATT, FIONA
260 _a[S.N] :
_bUSBORNE PUBLISHING LTD ،
_c1991
300 _a48 P
650 0 4 _aCHILDREN
650 0 4 _aEARTH SCINECE - DICTIONARY
650 0 4 _aEARTH SCIENCES
942 _2ddc
_cBK
999 _c13845
_d13845